| 000 | 01121nas1a22002651i 4500 | ||
|---|---|---|---|
| 001 | RU\NLR\INFOCOMM55\1000105629 | ||
| 005 | 20260406185010.0 | ||
| 035 | _a(NLR Aleph) 002319264 | ||
| 090 |
_a4372817 _c4372817 |
||
| 100 | _a20041012c1968 |||y0rusy50 ca | ||
| 101 | 0 | _arus | |
| 102 | _aRU | ||
| 110 | _azyu||||0|y0 | ||
| 200 | 1 |
_aБюллетень Политического и Учебного отделов Училища по обмену опытом учебно-воспитательной работы _fРост. высш. командно-инж. училище им. Глав. маршала артиллерии Неделина М.И. |
|
| 207 | 1 | _a№1- | |
| 210 |
_aРостов-на-Дону _d1968- |
||
| 309 | _aОтпеч. множит. аппаратом | ||
| 710 | 0 | 2 |
_aРостовское высшее командно-инженерное училище им. М. И. Неделина _9396769 _3RU\NLR\AUTH\889950491 |
| 801 | 1 |
_aRU _bInfoComm _c20041012 |
|
| 801 | 0 |
_aRU _bNLR _gPSBO |
|
| 852 |
_aNLR _jП10/3579 |
||
| 942 | _cSE | ||
| 980 | _aRUSPER | ||